000
00287nam a22001337a 4500
008
181101b xxu||||| |||| 00| 0 eng d
020
_a
9780393313536
041
_a
eng
080
_a
610
100
_a
4
101
_a
SHM
245
_a
Cold & Flu Fighter
_c
Brody's,J
942
_2
udc
_c
BK
999
_c
51428
_d
51428